Famous People from Missouri by Picture - Statistics

General Stats
  • This quiz has been taken 35 times
  • The average score is 7 of 20
Answer Stats
Picture Hint Answer % Correct
Saint Joseph Eminem
100%
Lamar Harry S. Truman
88%
Florida Mark Twain
81%
West Plains Dick Van Dyke
69%
St. Louis Chuck Berry
66%
Kennett Sheryl Crow
50%
St. Louis Jon Hamm
41%
St. Louis Maya Angelou
41%
Saint Joseph Walter Cronkite
34%
Willard Chappell Roan
28%
Diamond George Washington Carver
28%
St. Louis Jason Tatum
25%
Kearney Jesse James
19%
St. Louis Andy Cohen
13%
St. Louis Josephine Baker
13%
Kansas City Jean Harlow
9%
St. Louis SZA
9%
Kansas City Kate Spade
6%
St. Louis Sterling K. Brown
6%
St. Louis T.S. Eliot
3%
No matching quizzes found
Score Distribution
Percent of People with Each Score
Percentile by Number Answered
Your Score History
You have not taken this quiz